Electronic commerce : framework, technologies and application (Record no. 176972)
[ view plain ]
| 000 -LEADER | |
|---|---|
| fixed length control field | 00515nam a2200181Ia 4500 |
| 008 - FIXED-LENGTH DATA ELEMENTS--GENERAL INFORMATION | |
| fixed length control field | 231217s9999 xx 000 0 und d |
| 020 ## - INTERNATIONAL STANDARD BOOK NUMBER | |
| International Standard Book Number | 0-07-060095-3 |
| 041 ## - LANGUAGE CODE | |
| Language code of text/sound track or separate title | English |
| 082 ## - DEWEY DECIMAL CLASSIFICATION NUMBER | |
| Classification number | 001.64404ECOM BHA R |
| 100 ## - MAIN ENTRY--PERSONAL NAME | |
| Personal name | Bharat Bhasker |
| 245 #0 - TITLE STATEMENT | |
| Title | Electronic commerce : framework, technologies and application |
| 250 ## - EDITION STATEMENT | |
| Edition statement | 2nd ed. |
| 260 ## - PUBLICATION, DISTRIBUTION, ETC. | |
| Date of publication, distribution, etc. | 2006 |
| Name of publisher, distributor, etc. | TMH |
| Place of publication, distribution, etc. | New Delhi |
| 300 ## - PHYSICAL DESCRIPTION | |
| Extent | xv+533 |
| 500 ## - GENERAL NOTE | |
| General note | Content page available |
| 650 ## - SUBJECT ADDED ENTRY--TOPICAL TERM | |
| Topical term or geographic name entry element | Electronic,commerce,:,framework,,technologies |
| 942 ## - ADDED ENTRY ELEMENTS (KOHA) | |
| Koha item type | Books |
| Date last seen | Total checkouts | Full call number | Accession number | Uniform resource identifier | Cost, total (INR) price | Price effective from | Category | Lost status | Damaged status | Department | Withdrawn status | Home library | Current library | Shelving location | Entry date | Vendor | Cost, normal purchase price | Grants | Billnumber | Billdate | Currency symbol | Conversion rate | Discount | Old discount |
|---|---|---|---|---|---|---|---|---|---|---|---|---|---|---|---|---|---|---|---|---|---|---|---|---|
| 26/01/2024 | 001.64404ECOM BHA R | 40143 | digital/contents/45303.pdf | 220.00 | 26/01/2024 | Books | Central Library | Central Library | Central Library | Central Library | 09/01/2006 | Sri Lakshmi | 275.00 | MBA | 321 | 30/01/2006 | RS | 1 | 55 | 20 | ||||
| 26/01/2024 | 001.64404ECOM BHA;1 | 45302 | digital/contents/45303.pdf | 220.00 | 26/01/2024 | Books | MBA | Central Library | Central Library | MBA | 24/07/2007 | Allied publ. | 275.00 | MBA | 1755 | 17/09/2008 | RS | 1 | 55 | 20 | ||||
| 26/01/2024 | 001.64404ECOM BHA;2 R | 45303 | digital/contents/45303.pdf | 220.00 | 26/01/2024 | Books | Central Library | Central Library | Central Library | Central Library | 24/07/2007 | Allied publ. | 275.00 | MBA | 1755 | 17/09/2008 | RS | 1 | 55 | 20 |
